[Event "Niedersachsen-ch Seniors op 10th"]
[Site "Bad Bevensen"]
[Date "2007.07.10"]
[Round "8"]
[White "Hoeffner, Felix"]
[Black "Philippent, Ralf"]
[Result "1-0"]
[WhiteElo "1463"]
[BlackElo "1226"]
[PlyCount "85"]
[EventDate "2007.07.03"]
[EventType "swiss"]
[EventRounds "9"]
[EventCountry "GER"]
[SourceTitle "EXT 2022"]
[Source "ChessBase"]
[SourceDate "2021.10.06"]
[SourceVersion "1"]
[SourceVersionDate "2021.10.06"]
[SourceQuality "1"]

1. d4 d5 2. c4 b6 3. cxd5 Qxd5 4. Nc3 Qd8 5. f3 Bb7 6. e4 e6 7. Be3 h6 8. Rc1 Nf6 9. Bd3 Be7 10. Nge2 0-0 11. Bb1 Qd7 12. Qc2 g6 13. Rd1 Kh7 14. Qd2 Ng8 15. Qc2 b5 16. b3 Bb4 17. 0-0 Bxc3 18. Nxc3 Ba6 19. Rf2 Nc6 20. a3 Rad8 21. d5 Ne5 22. Bxa7 Qd6 23. b4 Nd7 24. dxe6 Qxe6 25. Nd5 Qd6 26. Qxc7 Ne5 27. Qxd6 Rxd6 28. Bc5 Rfd8 29. Bxd6 Rxd6 30. Rfd2 Rc6 31. Ne3 Rc3 32. Nc2 Nf6 33. Ba2 Nc4 34. Bxc4 Rxc4 35. e5 Ne8 36. g3 Bb7 37. Nd4 Nc7 38. Kf2 Nd5 39. Nxb5 Nc3 40. Nxc3 Rxc3 41. Rd7 Rxf3+ 42. Ke2 Rxa3 43. Rxb7 1-0